LEADER 01005nam0-22003131i-450- 001 990001824460403321 005 20021010 035 $a000182446 035 $aFED01000182446 035 $a(Aleph)000182446FED01 035 $a000182446 100 $a20021010d--------km-y0itay50------ba 101 0 $aita 200 1 $a<>solfoalluminati di calcio e la decomposizione delle costruzioni marittime eseguite in cemento Portland$fOrazioRebuffat. 210 $aPalermo$c...$d1901. 215 $a3 p.$d23 cm 300 $aEstr. da: Gazzetta chimica italiana, 31(1901), n. 1 610 0 $aIngegneria chimica 610 0 $aCemento 676 $a660 700 1$aRebuffat,$bOrazio$0333864 801 0$aIT$bUNINA$gRICA$2UNIMARC 901 $aBK 912 $a990001824460403321 952 $a60 DONO COMES 20/36$b37532$fFAGBC 959 $aFAGBC 996 $aSolfoalluminati di calcio e la decomposizione delle costruzioni marittime eseguite in cemento Portland$9413181 997 $aUNINA DB $aING01 LEADER 00895nam a2200265 i 4500 001 991001951109707536 005 20020503155245.0 008 000505s1974 us ||| | eng 020 $a0838779360 035 $ab10295574-39ule_inst 035 $aEXGIL94162$9ExL 040 $aBiblioteca Interfacoltà$bita 082 0 $a828.91409 100 1 $aCasey, Daniel J.$0466186 245 10$aBenedict Kiely /$c[by] Daniel J. Casey 260 $aLewisburg :$bBucknell university press,$c[1974] 300 $a107 p. ;$c22 cm 440 4$aThe Irish writers series 650 4$aKiely, Benedict 907 $a.b10295574$b02-04-14$c27-06-02 912 $a991001951109707536 945 $aLE002 In. V G 28$g1$i2002000928917$lle002$o-$pE0.00$q-$rl$s- $t0$u0$v0$w0$x0$y.i10348815$z27-06-02 996 $aBenedict Kiely$9208870 997 $aUNISALENTO 998 $ale002$b01-01-00$cm$da $e-$feng$gus $h0$i1